100 Biggest US Cities in 1950 - Statistics

General Stats
  • This quiz has been taken 90 times
  • The average score is 83 of 100
Answers on the Map
Answers color-coded by a green-red scale on the quiz's map according to % correct below.
 
Answer Stats
Population City % Correct
801,444 Boston
100%
1,849,568 Detroit
100%
7,891,957 New York
100%
2,071,605 Philadelphia
100%
949,708 Baltimore
98%
3,620,962 Chicago
98%
914,808 Cleveland
98%
1,970,358 Los Angeles
98%
676,806 Pittsburgh
98%
580,132 Buffalo
97%
434,462 Dallas
97%
596,163 Houston
97%
427,173 Indianapolis
97%
129,553 Kansas City (KS)
97%
456,622 Kansas City (MO)
97%
249,276 Miami
97%
106,818 Phoenix
97%
802,178 Washington
97%
134,995 Albany
95%
331,314 Atlanta
95%
134,042 Charlotte
95%
375,901 Columbus
95%
415,786 Denver
95%
637,392 MIlwaukee
95%
521,718 Minneapolis
95%
570,445 New Orleans
95%
243,504 Oklahoma City
95%
373,628 Portland
95%
334,387 San Diego
95%
467,591 Seattle
95%
856,796 St. Louis
95%
124,681 Tampa
95%
125,629 Baton Rouge
94%
326,037 Birmingham
94%
503,998 Cincinnati
94%
396,000 Memphis
94%
174,307 Nashville
94%
248,674 Providence
94%
230,310 Richmond
94%
182,121 Salt Lake City
94%
775,357 San Francisco
94%
132,459 Austin
92%
204,517 Jacksonville
92%
369,129 Louisville
92%
137,572 Sacramento
92%
311,349 Saint Paul
92%
408,442 San Antonio
90%
119,638 Savannah
90%
220,583 Syracuse
90%
177,965 Des Moines
89%
278,778 Fort Worth
89%
332,488 Rochester
89%
130,485 El Paso
87%
438,776 Newark
87%
251,117 Omaha
87%
182,740 Tulsa
87%
177,397 Hartford
86%
213,513 Norfolk
86%
162,399 Springfield
86%
129,009 Mobile
84%
303,616 Toledo
83%
299,017 Jersey City
81%
384,575 Oakland
81%
128,009 Trenton
81%
168,279 Wichita
81%
108,287 Corpus Christi
79%
124,769 Knoxville
79%
164,443 New Haven
79%
243,872 Dayton
78%
130,803 Erie
78%
176,515 Grand Rapids
78%
161,721 Spokane
78%
143,673 Tacoma
78%
274,605 Akron
76%
106,756 Allentown
75%
133,911 Gary
75%
250,767 Long Beach
75%
131,041 Chattanooga
71%
133,607 Fort Wayne
71%
203,486 Worcester
70%
152,798 Yonkers
68%
125,536 Scranton
67%
110,356 Wilmington
67%
135,449 Arlington
65%
158,709 Bridgeport
65%
115,911 South Bend
65%
168,330 Youngstown
65%
163,143 Flint
63%
120,740 Cambridge
60%
128,636 Evansville
60%
111,856 Peoria
60%
127,206 Shreveport
57%
112,817 Elizabeth
56%
124,555 Camden
54%
116,912 Canton
54%
139,336 Paterson
49%
113,805 Berkeley
48%
109,320 Reading
46%
109,189 New Bedford
43%
111,963 Fall River
37%
No matching quizzes found
Score Distribution
Percent of People with Each Score
Percentile by Number Answered
Your Score History
You have not taken this quiz